[Event "Hunan Belt and Road Open 2019"]
[Site "Hunan"]
[Date "2019.08.06"]
[Round "9.9"]
[White "Yu, Ruiyuan"]
[Black "Naiditsch, Arkadij"]
[Result "1-0"]
[WhiteElo "2464"]
[BlackElo "2681"]
[Annotator "TA"]
[PlyCount "59"]
[EventDate "2019.07.29"]
[EventType "swiss"]
[EventCountry "CHN"]
[SourceTitle "playchess.com"]
[Source "ChessBase"]
[SourceQuality "1"]

{[%evp 9,89,18,30,25,31,6,8,5,4,8,20,9,34,0,0,0,0,9,11,0,0,4,27,0,0,0,0,-3,33,11,44,30,69,57,71,0,21,0,119,125,182,153,195,194,177,101,518,506,498,490,573,477,519,518,481,298,293,296,287,280,293,290,404,326,675,433,410,406,443,443,439,439,434,429,416,402,1110,1127,5525,5518,2445,1549]} 1. e4 c5 2. Nf3 d6 3. d4 cxd4 4. Qxd4 Bd7 5. Be3 Nc6 6. Qd2 {B53: Sicilian: 2...d6: Lines with Qxd4} g6 (6... Nf6 7. Nc3 e6 8. Bf4 Qa5 9. Nb5 O-O-O 10. Qxa5 Nxa5 11. Nxd6+ Bxd6 12. Bxd6 Nxe4 13. Be7 {½-½ (21) Zvjaginsev,V (2678)-Efimenko,Z (2689) St Petersburg 2012}) 7. c4 Nf6 $146 ({Predecessor:} 7... Bg7 8. Nc3 Nf6 9. Be2 O-O 10. O-O a6 11. Rac1 Ng4 12. Bg5 h6 13. Bh4 {1-0 (40) Antunes,A (2465)-Topalov,V (2460) Seville 1992}) 8. Nc3 {The position is equal.} Ng4 9. Bf4 Bg7 10. Rc1 h6 11. h3 g5 $1 12. Bg3 Nge5 13. Be2 Rc8 14. b3 Nxf3+ 15. Bxf3 Nd4 16. Be2 h5 17. h4 g4 18. Bf4 Nxe2 19. Kxe2 Bc6 20. Rhd1 f5 21. Nd5 fxe4 22. Qe3 (22. Bg5 $16 Bxd5 23. Qxd5 {[%mdl 64] Double Attack}) 22... Qd7 23. Qxe4 e6 {[#]} (23... O-O $11 24. Nxe7+ {[%mdl 64] Double Attack} Kh8 25. Ng6+ Kg8 26. Ne7+ {[%mdl 64] Double Attack} (26. Nxf8 $2 Rxf8 27. Rxd6 Re8 $19 {[%mdl 64] Pin}) 26... Kh8 27. Ng6+ Kg8 28. Ne7+ {[%mdl 64] Double Attack} (28. Nxf8 $2 Rxf8 29. Rxd6 Re8 $19 {[%mdl 64] Pin})) 24. Bxd6 $1 $16 ({Reject} 24. Qg6+ $6 Qf7 $11) 24... Qf7 (24... Qxd6 $16 25. Nf6+ {[%mdl 64] Discovered Attack} Ke7 26. Rxd6 Bxe4 27. Nxe4 Be5) 25. Ba3 $36 {[%mdl 2048] Keeping Black busy.} Bf8 26. Qe5 {Black must now prevent Nf6+.} Rh6 27. Bb2 (27. Bd6 $18) 27... Be7 $2 {[%mdl 8192]} (27... Qf5 $16 {is a better chance.}) 28. Nxe7 $18 Qxe7 29. Kf1 Rd8 30. Kg1 {Played: Bb2-a3} 1-0

[Event "Hunan Belt and Road Open 2019"]
[Site "Hunan"]
[Date "2019.08.06"]
[Round "9.10"]
[White "Xu, Yinglun"]
[Black "Najer, Evgeniy"]
[Result "1/2-1/2"]
[WhiteElo "2562"]
[BlackElo "2678"]
[Annotator "TA"]
[PlyCount "61"]
[EventDate "2019.07.29"]
[EventType "swiss"]
[EventCountry "CHN"]
[SourceTitle "playchess.com"]
[Source "ChessBase"]
[SourceQuality "1"]

{[%evp 9,61,14,23,28,27,24,20,22,27,20,15,20,14,8,0,0,5,0,0,0,0,0,0,0,0,0,0,0,0,-7,-7,-6,0,-29,-29,-26,-20,-28,-12,-19,-18,-19,-24,-17,0,0,0,0,0,0,0,0,0,0]} 1. d4 Nf6 2. c4 g6 3. Nc3 d5 4. Bg5 c5 5. Bxf6 exf6 6. cxd5 {D80: Grünfeld: Unusual White 4th moves and 4 Bg5} Qb6 7. e3 cxd4 8. Bb5+ ({But not} 8. Qxd4 $6 Qxd4 9. exd4 Bh6 $16) 8... Nd7 9. exd4 $146 {Black must now prevent Qe2+.} ({Predecessor:} 9. Qxd4 Qxd4 10. exd4 Be7 11. Nf3 O-O 12. O-O {½-½ (21) Jojua,D (2581)-Dubov,D (2660) Minsk 2017}) 9... a6 10. Qe2+ Be7 11. Ba4 {next Nf3 is good for White.} (11. Bd3 {seems wilder.} O-O 12. Nf3 Qd8 13. O-O b5 14. Rfe1) 11... O-O 12. Nf3 Qd8 13. O-O b5 14. Bb3 Nb6 15. a4 bxa4 16. Nxa4 Nxa4 17. Bxa4 a5 18. Rfc1 Ba6 19. Bb5 (19. Qd2 {keeps more tension.} Ra7 20. Qc3 Bb4 21. Qb3 Rb7 22. Bc6) 19... Bxb5 20. Qxb5 Bb4 21. Ne1 Rb8 22. Qc6 Rb6 23. Qc4 Qd7 24. Nd3 Rd8 25. Nxb4 Rxb4 {[%mdl 64] [#] Double Attack} 26. Qa6 Qxd5 {The position is equal.} (26... Kg7 {looks sharper.} 27. Qxa5 Rxb2 28. Qa3 Qb7 29. h3 Rxd5 30. Qa7 Rd7) 27. Qxf6 Qxd4 28. Qxd4 Rbxd4 29. g3 R8d5 30. Rc8+ Kg7 31. Ra8 {Accuracy: White = 79%, Black = 83%.} 1/2-1/2

[Event "Hunan Belt and Road Open 2019"]
[Site "Hunan"]
[Date "2019.08.06"]
[Round "9.11"]
[White "Li, Di"]
[Black "Lupulescu, Constantin"]
[Result "1/2-1/2"]
[WhiteElo "2523"]
[BlackElo "2649"]
[Annotator "TA"]
[PlyCount "43"]
[EventDate "2019.07.29"]
[EventType "swiss"]
[EventCountry "CHN"]
[SourceTitle "playchess.com"]
[Source "ChessBase"]
[SourceQuality "1"]

{[%evp 12,43,17,22,31,22,8,19,20,-10,25,0,18,26,29,11,24,10,23,0,12,0,0,6,29,27,51,52,69,0,60,0,56,0]} 1. d4 Nf6 2. c4 e6 3. Nf3 d5 4. Nc3 Nbd7 5. cxd5 exd5 6. Bg5 c6 7. e3 h6 {D35: Queen's Gambit Declined: Exchange Variation} 8. Bh4 g5 9. Bg3 Nh5 {The position is equal.} 10. Be5 $146 ({Predecessor:} 10. Bd3) 10... Ng7 11. Bg3 Nf5 12. Bd3 Nxg3 13. hxg3 Bg7 14. Qc2 $36 {[%mdl 2048] White is pushing.} Nb6 15. O-O-O Be6 16. Kb1 Qe7 17. Rc1 Nd7 18. Na4 Bg4 19. Nh2 Be6 20. Nf3 (20. f4 $5 {[%cal Rf4f5]} f6 21. Bg6+ Bf7 22. Bxf7+ Qxf7 23. e4 $14) 20... Bg4 21. Nh2 Be6 22. Nf3 {Accuracy: White = 31%, Black = 51%.} (22. f4 $14 Nb6 23. Nc5) 1/2-1/2

[Event "Hunan Belt and Road Open 2019"]
[Site "Hunan"]
[Date "2019.08.06"]
[Round "9.12"]
[White "Sethuraman, S.P."]
[Black "Lagno, Kateryna"]
[Result "1/2-1/2"]
[WhiteElo "2630"]
[BlackElo "2549"]
[Annotator "TA"]
[PlyCount "95"]
[EventDate "2019.07.29"]
[EventType "swiss"]
[EventCountry "CHN"]
[SourceTitle "playchess.com"]
[Source "ChessBase"]
[SourceQuality "1"]

{[%evp 11,95,14,20,17,18,0,5,0,0,0,2,-3,-2,-17,-17,-12,-3,-6,-4,-12,0,-31,-20,0,9,15,9,-7,13,8,14,23,21,16,37,42,45,27,33,34,29,0,29,5,13,0,0,0,14,8,10,1,1,6,3,6,20,20,18,18,21,12,26,12,25,12,25,0,0,0,0,0,48,0,0,0,0,0,0,0,0,0,0,0,0,-1094]} 1. e4 e5 2. Nf3 Nc6 3. Bc4 Bc5 4. d3 Nf6 5. c3 d6 6. h3 a6 7. Bb3 {C54: Giuoco Piano: 4 c3 Nf6, main lines with 5 d4 and 5 d3} Ba7 8. Qe2 h6 9. Nbd2 Ne7 10. Nh4 $146 ({Predecessor:} 10. a4 Ng6 11. g3 O-O 12. Nc4 Be6 13. Bc2 {0-1 (29) Lyrberg,P (2460)-Hansen,S (2580) Sweden 2018}) 10... Be6 11. Bxe6 fxe6 12. Nf1 Qd7 13. Be3 Bxe3 14. Nxe3 O-O-O 15. Nf3 Ng6 16. Qc2 d5 17. O-O-O dxe4 18. dxe4 Qc6 19. Rhe1 Rxd1+ 20. Nxd1 Rd8 21. g3 $1 Nd7 22. b3 Nc5 {[#] Threatens to win with ...Nd3+.} 23. Nb2 Qb5 24. Qe2 Nd3+ 25. Nxd3 Qxd3 26. Kb2 Ne7 27. Qe3 Nc6 28. Re2 Qd1 {aiming for ...Rd3.} 29. Re1 Qd3 30. h4 b5 31. b4 a5 32. a3 axb4 33. axb4 Qxe3 34. Rxe3 $11 {[%mdl 4096] Endgame KRN-KRN} Rf8 35. Kc2 Kd7 36. Kd2 Ke7 37. Rd3 Ra8 38. Ke3 h5 39. Nd2 Ra3 40. Nf3 Rb3 41. Ke2 Ra3 42. Kd2 (42. c4 $5 {[%cal Rd3a3]} Rxd3 43. Kxd3 $14) 42... Ra2+ {The position is equal.} 43. Ke3 Ra3 44. c4 Nxb4 45. Rxa3 Nc2+ {[%mdl 64] [#] Double Attack} 46. Kd3 Nxa3 47. Nxe5 Kd6 48. Kd4 $2 {[%mdl 40960] Accuracy: White = 44%, Black = 69%. . An unexpected result.} (48. Nf7+ $11 Ke7 49. Ne5) 1/2-1/2

[Event "Hunan Belt and Road Open 2019"]
[Site "Hunan"]
[Date "2019.08.06"]
[Round "9.13"]
[White "Megaranto, Susanto"]
[Black "Deac, Bogdan-Daniel"]
[Result "0-1"]
[WhiteElo "2545"]
[BlackElo "2621"]
[Annotator "TA"]
[PlyCount "100"]
[EventDate "2019.07.29"]
[EventType "swiss"]
[EventCountry "CHN"]
[SourceTitle "playchess.com"]
[Source "ChessBase"]
[SourceQuality "1"]

{[%evp 13,100,-10,0,-14,-10,-22,-19,-34,-22,-16,-32,-30,-32,-61,-60,-69,-58,-64,-60,-133,-133,-133,-133,-133,-133,-134,-134,-117,-128,-132,-100,-116,-45,-35,-28,-49,-44,-44,-45,-53,-44,-96,-102,-58,-55,-219,-100,-122,-121,-142,-125,-118,-100,-152,-152,-131,0,-80,-76,-172,0,-111,-28,-28,0,-68,-54,-84,-86,-88,-90,-91,-42,-144,-145,-243,-243,-381,-382,-477,-469,-545,-534,-579,-506,-29968,-29972,-29995,-29996]} 1. Nf3 c5 2. c4 Nc6 3. g3 g6 4. Bg2 Bg7 5. O-O e6 6. Nc3 Nge7 7. d3 d5 8. Bg5 {A37: Symmetrical English vs ...g6: 4 Bg2 Bg7 5 Nf3} O-O (8... h6 9. cxd5 hxg5 10. dxc6 Nxc6 11. Nd2 Bd7 12. Rc1 b6 13. e3 Rc8 14. Qe2 Ne7 15. Nde4 Nf5 {1-0 (91) Fedoseev,V (2659)-Savchenko,B (2567) Berlin 2015}) 9. Rc1 d4 10. Na4 {The position is equal.} h6 11. Bd2 b6 12. a3 a5 13. b4 $146 ({Predecessor:} 13. Rb1 Bd7 14. b4 axb4 15. axb4 Nxb4 16. Nxc5 bxc5 17. Bxb4 cxb4 18. Rxb4 {0-1 (31) Brachtl,T (1790)-Ljubic,P (1875) Werfen 1995}) 13... axb4 14. axb4 Nxb4 15. Bxb4 cxb4 16. Nxd4 (16. Qb3 $15) 16... Rxa4 $1 $17 17. Qxa4 Bxd4 (17... Qxd4 18. Rb1 $15) 18. Qxb4 e5 19. Qd2 h5 20. e3 Bc5 21. Ra1 Be6 22. Ra8 Qxa8 (22... Qd6 $17 23. Rxf8+ Kxf8) 23. Bxa8 $15 Rxa8 24. Qc3 Ra3 25. Qxe5 {Strongly threatening d4.} Rxd3 26. Ra1 {Ra8+ is the strong threat.} Rd8 {[%mdl 1024] Black has compensation.} 27. Qf4 (27. Qc7 $15 Rc8 28. Qb7) 27... Nc6 $17 28. Kg2 Na5 29. Rc1 $2 (29. Qg5 $1 $15 Rc8 30. Rd1) 29... Rc8 (29... Rd2 $19 {is more deadly.} 30. Kg1 Ba3) 30. h3 Bf8 31. g4 hxg4 ({Don't play} 31... Bxc4 $6 32. gxh5 Bd5+ 33. e4 $11) ({Not} 31... Rxc4 32. Rxc4 Nxc4 33. gxh5 $14) (31... Nxc4 $6 32. gxh5 Bd6 33. Qh6 $11) 32. hxg4 Nxc4 33. Rb1 (33. Ra1 $142) 33... Bd6 34. Qg5 Bf8 (34... Kg7 $17 35. Rh1 Be5) 35. Rd1 (35. Qf4 $11 {keeps the balance.}) 35... Rc5 36. Qf4 (36. Qf6 $17 {is a better defense.}) 36... Rd5 $2 ({Black should play} 36... Be7 $1 $19 37. Ra1 Bd5+ 38. Kh3 Kg7) 37. Rh1 (37. Rxd5 $11 {was the only way to keep the balance.} Bxd5+ 38. Kh3) 37... Rd7 (37... Rd6 $17 38. Ra1 Rd8) 38. e4 $11 ({Wrong is} 38. Qh2 $2 Nxe3+ $1 {[%mdl 512]} 39. Kf3 Bxg4+ 40. Kxe3 Bc5+ 41. Kf4 Bd6+ 42. Kxg4 Bxh2 $19) 38... Nd6 39. f3 (39. Rh3 $11) 39... Nc4 $36 {[%mdl 2048] Black has some pressure.} 40. Ra1 {And now Ra8! would win.} Rd2+ 41. Kh1 {[#] Threatens to win with Ra8!} Rd8 $1 42. Qg5 Rc8 43. Rd1 {[#]} (43. Kg2 $1 $15) 43... Kg7 $1 $17 44. Qb5 (44. f4 $17 f6 45. Qh4) 44... Bc5 $19 {Hoping for ...Rh8+.} 45. Kh2 (45. Rc1 $142 Rh8+ 46. Kg2 Ne3+ 47. Kg3 Bd6+ 48. Kf2) 45... Ra8 46. Qb1 Ne5 (46... Rh8+ $2 47. Kg3 $17) 47. Rf1 Ra3 48. Kg3 Bxg4 49. Kf4 (49. Qb2 $19 f6 50. Qxa3 Bxa3 51. fxg4) 49... f6 50. fxg4 Rh3 0-1

[Event "Hunan Belt and Road Open 2019"]
[Site "Hunan"]
[Date "2019.08.06"]
[Round "9.14"]
[White "Oleksiyenko, Mykhaylo"]
[Black "Yeoh, Li Tian"]
[Result "1/2-1/2"]
[WhiteElo "2600"]
[BlackElo "2528"]
[Annotator "TA"]
[PlyCount "62"]
[EventDate "2019.07.29"]
[EventType "swiss"]
[EventCountry "CHN"]
[SourceTitle "playchess.com"]
[Source "ChessBase"]
[SourceQuality "1"]

{[%evp 15,62,37,38,36,34,16,16,16,24,10,20,22,23,0,0,0,0,0,0,0,0,0,0,0,0,0,0,0,0,0,0,0,0,0,0,0,17,13,20,21,29,2,7,0,0,0,0,0,0]} 1. d4 d5 2. c4 c6 3. Nf3 Nf6 4. e3 g6 5. Nc3 Bg7 6. Be2 O-O 7. O-O a6 8. a4 a5 9. b3 {D94: Grünfeld: 4 Nf3 Bg7 5 e3} Bg4 10. h3 (10. Ba3 Bxf3 11. Bxf3 Re8 12. cxd5 cxd5 13. Qd3 e6 14. Nb5 Bf8 15. Bxf8 Rxf8 16. e4 dxe4 17. Bxe4 {½-½ (41) Mamedyarov,S (2791)-Kamsky,G (2676) Sochi 2017}) 10... Bxf3 11. Bxf3 e6 12. Ne2 $146 ({Predecessor:} 12. Ba3) 12... Nbd7 13. Bb2 Re8 14. Nf4 dxc4 15. bxc4 e5 $1 {[%cal Re5f4]} 16. dxe5 Nxe5 17. Bxe5 Rxe5 18. Rb1 Qc7 19. Qb3 Rb8 20. Nd3 Ree8 21. Qb6 Qxb6 22. Rxb6 Ne4 23. Bxe4 Rxe4 24. Rc1 $1 Bf8 25. Kf1 Bd6 26. Ke2 Bc7 27. Rb3 b6 28. f3 Re7 {The position is equal.} 29. Nf2 f5 30. Rcb1 Rbe8 31. Rd3 Kf7 {Accuracy: White = 68%, Black = 62%.} 1/2-1/2

[Event "Hunan Belt and Road Open 2019"]
[Site "Hunan"]
[Date "2019.08.06"]
[Round "9.15"]
[White "Ju, Wenjun"]
[Black "Radovanovic, Mihajlo"]
[Result "1-0"]
[WhiteElo "2595"]
[BlackElo "2500"]
[Annotator "TA"]
[PlyCount "124"]
[EventDate "2019.07.29"]
[EventType "swiss"]
[EventCountry "CHN"]
[SourceTitle "playchess.com"]
[Source "ChessBase"]
[SourceQuality "1"]

{[%evp 10,124,27,27,45,29,36,40,23,35,33,35,41,20,22,28,40,35,57,37,54,54,50,48,60,51,80,64,49,54,90,42,33,44,37,48,61,24,50,52,53,52,95,100,120,118,125,119,142,133,156,158,184,168,180,173,195,159,154,117,125,112,172,179,202,189,203,184,298,292,285,280,424,409,383,165,171,168,167,161,171,141,204,175,188,195,219,197,261,229,223,247,237,232,319,319,438,407,360,303,282,400,366,366,646,580,7316,6104,4926,4586,29979,29980,29980,29981,29987,29988,29992]} 1. e4 d6 2. d4 g6 3. Bc4 Bg7 4. Nf3 Nf6 5. Qe2 O-O 6. e5 Ne8 {B06: Modern Defence} 7. c3 (7. h3 c5 8. dxc5 dxe5 9. Nxe5 Qd4 10. Ng4 Bxg4 11. hxg4 Qxc5 12. Be3 Qc6 13. c3 Nd6 14. Nd2 {0-1 (62) Zubov,A (2597)-Andreikin,D (2719) St Petersburg 2018}) 7... Bg4 8. Nbd2 $146 ({Predecessor:} 8. Bf4 c6 9. Nbd2 Nc7 10. h3 Be6 11. Bd3 Nd5 12. Bh2 Re8 13. Ng5 Nc7 14. f4 {1-0 (29) Smolovic,M (2283)-Djoric,H (2126) Kragujevac 2016}) 8... c5 {White is slightly better.} 9. h3 Bxf3 10. Nxf3 (10. gxf3 $2 cxd4 11. cxd4 Nc6 $19) 10... Nc6 11. O-O cxd4 12. cxd4 Nc7 13. Rd1 Qd7 14. Be3 b5 15. exd6 exd6 16. Bxb5 Nxb5 17. Qxb5 Rab8 18. Qe2 Rfe8 19. b3 Qf5 20. Qd3 (20. Qd2 {is interesting.} Nb4 21. Rac1 Nd5 22. Re1 a5 23. Bg5) 20... Qxd3 21. Rxd3 Nb4 22. Rd2 Nd5 23. Re2 Rbc8 24. Rae1 Kf8 25. Kf1 h6 26. Bd2 Rxe2 27. Kxe2 Rc2 28. Ra1 f5 29. Kd3 Rc6 30. b4 {[%cal Bb3b4,Bb4b5,Bb5b6][%mdl 32]} g5 31. b5 Rc7 32. a4 {[%cal Ba2a4,Ba4a5][%mdl 32]} Kf7 33. a5 Ke6 34. Ne1 Rb7 35. Rb1 $1 Nc7 {[#]} (35... f4 $16 36. Nc2 Bf6) 36. b6 $1 $18 {[%cal Rb6c7]} Na8 37. Nc2 axb6 38. Ne3 b5 (38... f4 $142) 39. d5+ Kd7 40. Nxf5 Bf8 (40... Bf6 {was necessary.} 41. Nxh6 Nc7) 41. a6 Rb6 42. Ba5 (42. Ra1 $142) 42... Rxa6 43. Rxb5 {And now Nd4 would win.} Nc7 44. Bxc7 $1 Kxc7 {[%mdl 4096] Endgame KRB-KRN} 45. Ke2 Ra2+ {[#]} (45... Ra3 $16 46. Nd4 Be7) 46. Kf3 $1 Ra4 {aiming for ...Rf4+.} 47. g4 Ra3+ 48. Kg2 Rd3 (48... Kc8 $142 49. Rb2 Ra5) 49. Ra5 Kb7 50. f3 Rd2+ 51. Kf1 Rh2 52. Ra3 h5 53. gxh5 Rxh3 54. Re3 Rxh5 55. Re8 Rh8 {[#]} 56. Nxd6+ $1 {[%mdl 576] Pin} Kb6 $2 (56... Kc7) (56... Bxd6 57. Rxh8) 57. Nf7 {[%mdl 64] Double Attack} Rg8 58. d6 {White threatens d7 and mate.} Kc6 59. Rd8 Kd5 60. d7 {White mates.} Ke6 {[#]} 61. Ne5 $1 {[%mdl 512]} Rh8 (61... Kxe5 62. Re8+) 62. Re8+ Kd5 {Accuracy: White = 70%, Black = 37%.} 1-0

[Event "Hunan Belt and Road Open 2019"]
[Site "Hunan"]
[Date "2019.08.06"]
[Round "9.16"]
[White "Xu, Xiangyu"]
[Black "Khademalsharieh, Sarasadat"]
[Result "1/2-1/2"]
[WhiteElo "2585"]
[BlackElo "2481"]
[Annotator "TA"]
[PlyCount "35"]
[EventDate "2019.07.29"]
[EventType "swiss"]
[EventCountry "CHN"]
[SourceTitle "playchess.com"]
[Source "ChessBase"]
[SourceQuality "1"]

{[%evp 17,35,0,0,0,0,0,18,17,15,20,27,17,39,23,22,0,15,0,0,-14]} 1. Nf3 d5 2. g3 g6 3. Bg2 Bg7 4. d4 c6 5. O-O Nf6 6. a4 a5 7. c4 O-O 8. cxd5 cxd5 9. Nc3 Nc6 10. Bf4 {D79: Fianchetto Grünfeld: Symmetrical Variation (6 0-0 c6 7 cxd5 cxd5)} Nb4 $146 ({Predecessor:} 10... Bf5 11. Nh4 Be6 12. Qd2 Qd7 13. Rfd1 Rfd8 14. Bh6 Nxd4 15. Bxg7 Nb3 16. Qf4 Nxa1 17. Bxf6 exf6 18. Rxa1 {1-0 (38) Pazlar,M (2056)-Krzisnik,J (1894) Ljubljana 2014}) 11. Rc1 Bd7 12. Ne5 Bc6 13. Qd2 Nd7 14. Rfd1 e6 15. b3 Nxe5 16. Bxe5 {The position is equal.} Rc8 (16... f6 $5 17. Bf4 $8 Qd7 $11) 17. Bxg7 Kxg7 18. e3 1/2-1/2

[Event "Hunan Belt and Road Open 2019"]
[Site "Hunan"]
[Date "2019.08.06"]
[Round "9.17"]
[White "Tan, Zhongyi"]
[Black "Peng, Xiongjian"]
[Result "1/2-1/2"]
[WhiteElo "2511"]
[BlackElo "2467"]
[Annotator "TA"]
[PlyCount "136"]
[EventDate "2019.07.29"]
[EventType "swiss"]
[EventCountry "CHN"]
[SourceTitle "playchess.com"]
[Source "ChessBase"]
[SourceQuality "1"]

{[%evp 20,136,27,43,47,0,48,29,32,14,25,8,27,20,30,33,27,13,44,39,35,37,41,39,49,27,35,22,27,7,44,14,23,16,18,0,0,0,12,0,0,0,16,-77,-75,-91,-91,-170,-168,-162,-156,-242,-238,-583,-577,-555,-456,-476,-377,-368,-268,-615,-335,-349,-250,-320,-189,-172,-20,-28,-22,-36,-35,-44,0,0,0,-25,0,-31,-37,-32,0,0,6,0,20,20,27,33,36,0,0,0,0,0,4,0,0,0,33,22,35,23,93,68,68,69,68,16,16,10,16,0,0,0,0,0,0]} 1. d4 d6 2. Nf3 Nf6 3. c4 g6 4. Nc3 Bg7 5. e4 O-O 6. Be2 c5 7. O-O cxd4 8. Nxd4 Nc6 9. Be3 Bd7 10. f4 Nxd4 11. Bxd4 Bc6 {B38: Sicilian: Maroczy Bind with 5...Bg7 and 7...0-0} 12. Kh1 Re8 $146 ({Predecessor:} 12... Nd7 13. Bxg7 Kxg7 14. Qd3 a5 15. Rae1 Qb6 16. Bg4 Nf6 17. Bf3 Qxb2 18. e5 dxe5 19. fxe5 {1-0 (29) Krasenkow,M (2604)-Cajbel,M (2222) Wroclaw 2012}) 13. Bd3 e5 {White has an edge.} 14. fxe5 Nd7 15. Qf3 {e6 is the strong threat.} Rf8 16. Qg3 Nxe5 17. Rad1 Qe7 18. b3 b6 19. Bc2 Rfe8 20. h3 Rac8 21. a4 Qb7 22. Qf2 Re6 23. Rfe1 Qe7 24. Qd2 Qh4 25. Bf2 Qh5 26. Kg1 Rce8 27. Ne2 Bh6 28. Qc3 Rf6 29. Qg3 Bg5 30. Nd4 Bd7 31. Bd3 (31. Rf1 $11) 31... Qh6 $1 $17 32. Bf1 {[#]} Bf4 $1 $36 {[%cal Rf4g3][%mdl 2048] Black is on the roll.} 33. Qc3 {[#]} (33. Qh4 $17 Qxh4 34. Bxh4) 33... Ng4 $1 $19 {[%mdl 512]} 34. Nf3 (34. hxg4 Qh2#) 34... Nxf2 35. Kxf2 (35. Qxf6 $17 Be3 36. Rxe3 Qxe3 {[%mdl 64] Double Attack} 37. Re1) 35... g5 ({Don't do} 35... Be5 36. Qe3) 36. Bd3 $2 (36. g4) 36... g4 37. hxg4 Be5 38. Qc1 Qh4+ 39. Ke2 Bxg4 {Threatens to win with ...Rxf3!} 40. Rg1 $2 (40. Qe3 Bf4 41. Rh1 Qxh1 42. Rxh1 Bxe3 43. Kxe3) 40... Kh8 {( -> ...Bxf3+)} 41. Qe3 {White hopes to continue with Rh1.} Rg8 42. Rdf1 Bh5 (42... Qh2 $142 43. Kd1 Bxf3+ 44. gxf3 Rxg1 45. Qxg1 Qb2) 43. Kd1 Rfg6 $2 (43... Bh2 $1 $19 {[%cal Rh2g1]} 44. Rh1 Rxg2) 44. Be2 Qg3 45. Rh1 Bg4 46. Qf2 R8g7 47. Qxg3 Bxg3 48. Kc2 Bd7 49. Nd2 Be5 50. Bf3 Kg8 51. Kd3 Kf8 52. Rf2 Ke7 53. Nf1 f5 54. Ne3 f4 55. Nd5+ Kd8 $1 56. Rh4 Bg4 57. b4 Ke8 58. Rc2 Bxf3 59. gxf3 Rg1 60. c5 bxc5 61. bxc5 Rd1+ (61... dxc5 $11 {keeps the balance.} 62. Rxc5 Rd1+ 63. Kc2 Rf1 64. Nxf4 Bc7) 62. Rd2 Rxd2+ 63. Kxd2 {And now c6 would win.} dxc5 $14 {KRB-KRN} 64. Rh5 ({Not} 64. Nxf4 $2 Bf6 $19) ({White should play} 64. Kd3 $1 $14) 64... Bd4 $11 {The position is equal.} 65. Nxf4 {With the idea Ne6.} Rf7 66. Ne6 Rxf3 67. Rxh7 Re3 68. Nxd4 cxd4 {Accuracy: White = 37%, Black = 59%.} 1/2-1/2

[Event "Hunan Belt and Road Open 2019"]
[Site "Hunan"]
[Date "2019.08.06"]
[Round "9.18"]
[White "Le, Quang Liem"]
[Black "Gusain, Himal"]
[Result "1-0"]
[WhiteElo "2713"]
[BlackElo "2407"]
[Annotator "TA"]
[PlyCount "105"]
[EventDate "2019.07.29"]
[EventType "swiss"]
[EventCountry "CHN"]
[SourceTitle "playchess.com"]
[Source "ChessBase"]
[SourceQuality "1"]

{[%evp 14,105,20,16,14,29,18,6,6,-23,0,0,15,8,8,13,46,46,46,46,46,46,43,41,43,43,44,41,41,41,41,41,41,41,41,41,43,43,46,36,43,30,41,12,41,32,40,0,0,0,0,0,29,20,45,36,39,36,39,39,51,51,52,50,60,64,110,110,177,121,319,319,314,292,2664,2412,2412,2396,2206,2112,1900,1581,6083,5830,5461,5087,29978,29978,29991,29977,29990,29988,29991,29992]} 1. c4 f5 2. g3 Nf6 3. Bg2 g6 4. Nc3 Bg7 5. d3 d6 6. e4 fxe4 7. dxe4 O-O 8. Nge2 c5 {A10: English Opening: Unusual Replies for Black} 9. O-O Nc6 10. h3 e5 {The position is equal.} (10... a6 11. Be3 e5 12. Nd5 Nd4 13. Nec3 b5 14. Nxf6+ Bxf6 15. cxb5 axb5 16. Nxb5 Nxb5 {0-1 (47) Le,Q (2714)-Anton Guijarro,D (2642) St Petersburg 2018}) 11. Nd5 Nd4 12. Bg5 Qd7 $146 ({Predecessor:} 12... Be6 13. Nec3 Qd7 14. Kh2 Rae8 15. Qd3 Nxd5 16. cxd5 {1-0 (82) Stark,L (2403)-Schoorl,R (2300) Germany 2015}) 13. Nxd4 cxd4 14. Qd3 Rf7 15. Bxf6 Bxf6 16. f4 b6 17. f5 {[#] Hoping for fxg6.} g5 18. Rac1 Bb7 19. Rc2 Qd8 20. Bf3 Rc8 21. Rfc1 a5 22. Qb3 Bxd5 23. cxd5 Rc5 $1 24. Bd1 Kf8 25. a3 Ra7 26. Kf1 Be7 27. Ke1 Ra8 28. Bg4 Bf6 29. Qd3 Rac8 30. b4 axb4 31. axb4 Rxc2 32. Rxc2 Qd7 33. Be2 Bd8 34. Kf2 Rc7 35. Ra2 Ra7 36. Ra6 Rxa6 37. Qxa6 Qc7 38. Qa8 Ke7 39. Qc6 Qxc6 40. dxc6 $14 {[%mdl 4096] Endgame KB-KB} d5 (40... Kf6 $16 41. b5 Bc7) 41. exd5 $18 Bc7 $2 (41... Kd6 $16) 42. Kf3 Bd6 43. Ke4 Bxb4 $2 {[#]} (43... Kf6 44. g4 Ke7) 44. f6+ $1 {[%mdl 512]} Kd6 (44... Kxf6 45. c7) 45. f7 Kc7 46. Kxe5 Bf8 47. Bd3 h6 48. Kxd4 Bd6 49. Ke4 Kd8 50. Kf5 {White mates.} Ke7 51. Kg6 Kf8 52. g4 Be5 53. Kf5 {Accuracy: White = 62%, Black = 33%.} 1-0